000
00335nam a2200133Ia 4500
008
240624s9999 xx 000 0 und d
041
_a
eng
082
_a
658.4038011 GUP
100
_a
GUPTA A K
245
_a
MANAGEMENT INFORMATION SYSTEMS
260
_c
2003
_a
New Delhi
_b
S. Chand
300
_a
vii, : 320 : p. : cm. ; 24
365
_c
RS
999
_c
5418
_d
5418